000
00295nam a2200109 a 4500
001
4140
005
20140414132146.0
008
090218s19uu xx 00 eng d
050
_a
TR-FIL 371.2
_b
Fo68 2007
245
_a
The 4 GEMS of management :
_b
basic principles of management.
999
_c
115444
_d
115444